00892nam a2200229 i 4500001000300000003000900003005001700012008003900029015001700068040003500085080001200120100004000132245007400172260005100246300003300297380001700330504002400347521012500371650003100496710003700527856009800564bgKOSZ 00520191026113511.0080201s1963 pl a f 000 0 pol aPB 1964/1815 aWA NcKOSZ 005/RWdKOSZ 005/RW a624:3891 aJanicki, Stefand(1909-1990)eAutor10aPodstawy typizacji w budownictwie :bprojektowanie /cStefan Janicki. aWarszawa :bWydawnictwa Normalizacyjne,c1963. a369, [2] s. :bil. ;c25 cm. aKsiążki. aBibliogr. s. [371].8 aDla projektantów oraz studentów wydziałów architektury i inżynierii politechnik i innych szkół technicznych. 4aBudownictwoxnormalizacja.2 aWydawnictwa Normalizacyjne4pbl. uhttp://koha.tu.koszalin.pl/cgi-bin/koha/opac-detail.pl?biblionumber=11363yKatalog online BPK